000 00798nam a22002657a 4500
001 BR0404606
003 BR-BrBNA
005 20230928101725.0
007 ta
008 230509b bl.||||| |||| 00| 0 por d
040 _aBR-BrBNA
_bpor
_cBiblioteca Nacional de Agricultura
041 _a(Por)
072 _aD10; C20
090 _ D10 BR0404606
110 1 _aEmpresa Paranaense de Assistência Técnica e Extensão Rural, Curitiba, PR (Brasil)
245 1 _aRelatório gestão 1999-2002; semeando credibilidade colhendo resultados
260 3 _aCuritiba, PR (Brasil):
_c2002.
300 _a64 p.
650 _aADMINISTRAÇÃO PÚBLICA
650 _aADMINISTRAÇÃO FINANCEIRA
650 _aEXTENSÃO RURAL
650 _aPARANÁ
909 _a202309
_bLucia
_c55
_dLucia Elande
942 _cBK
999 _c67267
_d67267